Normal view
MARC view
Entry Nombre corporativo
001 - NÚMERO DE CONTROL
- campo de control: 26882
003 - IDENTIFICADOR DE NÚMERO DE CONTROL
- campo de control: OSt
005 - FECHA Y HORA DE LA ÚLTIMA TRANSACCIÓN
- campo de control: 20221005160626.0
008 - ELEMENTOS DE DATO DE LONGITUD-FIJA
- campo de control de longitud fija: 221005|| aca||aabn | a|a d
040 ## - FUENTE DE CATALOGACIÓN
- Centro catalogador/agencia de origen: OSt
- Centro/agencia transcriptor: OSt
110 ## - ENCABEZAMIENTO-NOMBRE DE ENTIDAD CORPORATIVA
- Nombre de entidad corporativa o nombre de jurisdicción como elemento de entrada: INTERNATIONAL CONFERENCE FOR SOLIDARITY WHIT PEASANTS AND PEOPLE OF PALESTINE
- Número del congreso/reunión o número de parte o sección: 2ª
- Fecha del congreso o de la firma del tratado: 1980
- Sede del congreso/Lugar de la reunión: Bagdag
670 ## - FUENTE DE DATOS ENCONTRADOS
- Cita de la fuente: Work cat.: (OSt)33195: INTERNATIONAL CONFERENCE FOR SOLIDARITY WHIT PEASANTS AND PEOPLE OF PALESTINE 2ª 1980 Bagdag, Day of the Land :, [1980]